|
|
|
|
| LEADER |
00000cas a22000003a 4500 |
| 001 |
vtls001359949 |
| 003 |
SK-MaSNL |
| 005 |
20260221112432.0 |
| 008 |
990412d19562019fr r p 0 0a0fre c |
| 022 |
|
|
|a 0006-2006
|
| 035 |
|
|
|a SNK000313492
|
| 040 |
|
|
|a SNK
|b slo
|c SNK
|e AACR2
|
| 041 |
0 |
|
|a fre
|
| 044 |
|
|
|a fr
|c FR
|
| 210 |
0 |
|
|a Bull. bibl. Fr.
|b (Impr.)
|
| 222 |
|
0 |
|a Bulletin des bibliothèques de France
|b (Imprimé)
|
| 245 |
0 |
0 |
|a Bulletin des bibliothèques de France
|
| 246 |
3 |
3 |
|a BBF
|
| 260 |
|
|
|a [Villeurbanne]
|b École nationale supérieure des sciences de l’information et des bibliothèques
|c 1956-2019
|
| 300 |
|
|
|a zv.
|c 30 cm
|
| 310 |
|
|
|a Premenlivá periodicita
|b 2014-2019
|
| 321 |
|
|
|a 6x ročne
|b 1983-2013
|
| 321 |
|
|
|a 1x mesačne
|b 1956-1982
|
| 362 |
0 |
|
|a Année 1, no. 1 (janv. 1956) - no. 17/18 (juin 2019)
|
| 500 |
|
|
|a Popis podľa: T. 51, no. 1 (2006)
|
| 515 |
|
|
|a Od roku 2014 je priebežné číslovanie. Začína od č. 1
|
| 856 |
4 |
1 |
|u http://bbf.enssib.fr
|
| 910 |
|
|
|a snk
|
| 999 |
|
|
|c 418
|d 2348
|
| 952 |
|
|
|0 0
|1 1
|4 0
|7 0
|8 4
|a SNK
|b SNK
|d 2010-06-02
|i snk2010/11901
|l 0
|o snkČC 1301/52/2007
|p 17A0635852
|r 2026-02-21 19:43:20
|t č. 2-6, neúplné
|w 2026-02-21
|y PREZ
|z Chýba č. 1.
|
| 952 |
|
|
|0 0
|1 1
|4 0
|7 0
|8 4
|a SNK
|b SNK
|d 2010-06-02
|i snk2010/11904
|l 0
|o snkČC 1301/53/2008
|p 17A0635853
|r 2026-02-21 19:43:20
|t č. 1-6
|w 2026-02-21
|y PREZ
|
| 952 |
|
|
|0 0
|1 0
|4 0
|7 1
|8 4
|a SNK
|b SNK
|d 2014-10-10
|i snk2014/21283
|l 0
|o snkČC 1301/57/2012
|p 17A0870254
|r 2026-02-21 19:44:41
|t č. 1-6
|w 2026-02-21
|y NEVYP
|
| 952 |
|
|
|0 0
|1 0
|4 0
|7 0
|8 4
|a SNK
|b SNK
|d 2015-08-12
|i snk2015/24324
|l 0
|o snkČC 1301/58/2013
|p 17A1096875
|r 2026-02-21 19:46:28
|t č. 1-6
|w 2026-02-21
|y PREZ
|
| 952 |
|
|
|0 0
|1 1
|4 0
|7 0
|8 4
|a SNK
|b SNK
|d 2008-04-15
|i snk2008/8562
|l 0
|o snkČC 1301/50/2005
|p 17A0574936
|r 2026-02-21 20:16:03
|t č. 1-6
|w 2026-02-21
|y PREZ
|
| 952 |
|
|
|0 0
|1 1
|4 0
|7 0
|a SNK
|b SNK
|d 2008-04-15
|l 0
|o snkČC 1301/36/1991
|p 17A0188947
|r 2026-02-21 20:16:44
|t č. 1-6
|w 2026-02-21
|y PREZ
|
| 952 |
|
|
|0 0
|1 1
|4 0
|7 0
|8 4
|a SNK
|b SNK
|d 2008-04-15
|i snk2008/8561
|l 0
|o snkČC 1301/49/2004
|p 17A0574935
|r 2026-02-21 20:27:53
|t č. 1-5, neúplné
|w 2026-02-21
|y PREZ
|z Chýba č. 6
|
| 952 |
|
|
|0 0
|1 1
|4 0
|7 0
|8 4
|a SNK
|b SNK
|d 2012-07-02
|i snk2012/12908
|l 0
|o snkČC 1301/54/2009
|p 17A1030439
|r 2026-02-21 20:30:12
|t č. 1-6
|w 2026-02-21
|y PREZ
|
| 952 |
|
|
|0 0
|1 1
|4 0
|7 0
|8 4
|a SNK
|b SNK
|d 2013-04-24
|i snk2013/9359
|l 0
|o snkČC 1301/55/2010
|p 17A0868953
|r 2026-02-21 20:31:17
|t č. 1-6
|w 2026-02-21
|y PREZ
|
| 952 |
|
|
|0 0
|1 0
|4 0
|7 1
|8 4
|a SNK
|b SNK
|d 2014-12-16
|i snk2014/28008
|l 0
|o snkČC 1301/51/2006
|p 17A0609847
|r 2026-02-21 20:42:34
|t č. 1-6, neúplné
|w 2026-02-21
|y NEVYP
|z chýba č. 2-6
|
| 952 |
|
|
|0 0
|1 1
|4 0
|7 0
|8 4
|a SNK
|b SNK
|d 2008-04-15
|i snkČZK 931/2001
|l 0
|o snkČC 1301/41/1996
|p 17A0462412
|r 2026-02-21 20:48:59
|t č. 1-6
|w 2026-02-21
|y PREZ
|
| 952 |
|
|
|0 0
|1 1
|4 0
|7 0
|a SNK
|b SNK
|d 2008-04-15
|l 0
|o snkČC 1301/42/1997
|p 17A0267338
|r 2026-02-21 20:48:59
|t č. 1-6
|w 2026-02-21
|y PREZ
|
| 952 |
|
|
|0 0
|1 0
|4 0
|7 0
|8 4
|a SNK
|b SNK
|d 2014-04-14
|i snk2014/9385
|l 0
|o snkČC 1301/56/2011
|p 17A0869693
|r 2026-02-21 20:51:37
|t č. 1-6
|w 2026-02-21
|y PREZ
|
| 952 |
|
|
|0 0
|1 1
|4 0
|7 0
|a SNK
|b SNK
|d 1999-04-12
|l 0
|o snkČC 1301/37/1992
|p 17A0188816
|r 2005-01-02 00:00:00
|t č. 1-6
|w 2026-02-21
|y PREZ
|
| 952 |
|
|
|0 0
|1 0
|4 0
|7 1
|8 4
|a SNK
|b SNK
|d 2016-07-07
|i snk2016/16890
|l 0
|o snkČC 1301/2014
|p 17A1100397
|r 2026-02-21 21:47:03
|t č. 1-3
|w 2026-02-21
|y NEVYP
|
| 952 |
|
|
|0 0
|1 0
|4 0
|7 0
|8 4
|a SNK
|b SNK
|d 2018-11-09
|i snk2018/23391
|l 0
|o snkČC 1301/47/2002
|p 17A1339945
|r 2026-02-21 21:58:29
|t č. 1-6
|w 2026-02-21
|y PREZ
|
| 952 |
|
|
|0 0
|1 0
|4 0
|7 0
|8 4
|a SNK
|b SNK
|d 2018-11-09
|i snk2018/23396
|l 0
|o snkČC 1301/48/2003
|p 17A1339946
|r 2026-02-21 21:58:29
|t č. 1-6
|w 2026-02-21
|y PREZ
|
| 952 |
|
|
|0 0
|1 0
|4 0
|7 0
|8 4
|a SNK
|b SNK
|d 2020-07-02
|i snk2020/11804
|l 0
|o snkČC 1301/2018
|p 17A1430977
|r 2026-02-21 22:01:37
|t č. 15-16
|w 2026-02-21
|y PREZ
|
| 952 |
|
|
|0 0
|1 0
|4 0
|7 0
|8 4
|a SNK
|b SNK
|d 2019-11-29
|i snk2019/30843
|l 0
|o snkČC 1301/2017
|p 17A1383337
|r 2026-02-21 22:15:24
|t č. 11-14
|w 2026-02-21
|y PREZ
|
| 952 |
|
|
|0 0
|1 0
|4 0
|7 0
|8 4
|a SNK
|b SNK
|d 2017-06-07
|i snk2017/13381
|l 0
|o snkČC 1301/2015/1
|p 17A1206804
|r 2026-02-21 22:17:37
|t č. 4-5
|w 2026-02-21
|y PREZ
|
| 952 |
|
|
|0 0
|1 0
|4 0
|7 0
|8 4
|a SNK
|b SNK
|d 2017-06-07
|i snk2017/13384
|l 0
|o snkČC 1301/2015/2
|p 17A1206805
|r 2026-02-21 22:17:37
|t č. 6-7
|w 2026-02-21
|y PREZ
|
| 952 |
|
|
|0 0
|1 0
|4 0
|7 0
|8 4
|a SNK
|b SNK
|d 2018-08-13
|i snk2018/16639
|l 0
|o snkČC 1301/2016
|p 17A1327708
|r 2026-02-21 22:19:21
|t č. 8-10
|w 2026-02-21
|y PREZ
|